Politics of corruption: the goddess that failed (Record no. 376781)

000 -LEADER
fixed length control field 00412cam a22001457a 4500
008 - FIXED-LENGTH DATA ELEMENTS--GENERAL INFORMATION
fixed length control field 180718b1995 xxu||||| |||| 00| 0 eng d
020 ## - INTERNATIONAL STANDARD BOOK NUMBER
International Standard Book Number 8121204895
082 ## - DEWEY DECIMAL CLASSIFICATION NUMBER
Classification number F5x54 Sa19
100 ## - MAIN ENTRY--PERSONAL NAME
Personal name Sahai, Shashi B.
245 ## - TITLE STATEMENT
Title Politics of corruption: the goddess that failed
Statement of responsibility, etc. by Shashi B. Sahai
260 ## - PUBLICATION, DISTRIBUTION, ETC.
Place of publication, distribution, etc. New Delhi
Name of publisher, distributor, etc. Gyan
Date of publication, distribution, etc. 1995
300 ## - PHYSICAL DESCRIPTION
Extent 228p.
650 ## - SUBJECT ADDED ENTRY--TOPICAL TERM
Topical term or geographic name entry element Corruption
650 ## - SUBJECT ADDED ENTRY--TOPICAL TERM
Topical term or geographic name entry element Political corruption - India
Holdings
Withdrawn status Lost status Damaged status Not for loan Permanent Location Current Location Date acquired Full call number Barcode Date last seen Price effective from Koha item type
        Indian Institute of Public Administration Indian Institute of Public Administration 2016-12-06 F5x54 Sa19 86731 2018-07-21 2018-07-21 Book
        Indian Institute of Public Administration Indian Institute of Public Administration 1995-03-08 F5x54 Sa19 69010 2018-07-21 2018-07-21 Book
        Indian Institute of Public Administration Indian Institute of Public Administration 1995-03-14 F5x54 Sa19 68921 2018-07-21 2018-07-21 Book

Powered by Koha